000 01424nam a2200217Ia 4500
003 Ost
005 20260507075201.0
008 260507s9999||||xx |||||||||||||| ||und||
040 _cfsecg
041 _aara
082 _a330
100 _aخليل، علي
_eمؤلف
245 0 _aالمالية العامة /
_c علي خليل
260 _aعمان:
_bدار زهرات,
_c2000
300 _a393 صفحة؛
_bإيضاحات ؛
_c24 سم
504 _aمراجع ص.393 ؛الهوامش ص.391
520 _aمقدمة عامة حول علم المالية و النشاط المالي ، وظائف المالية العامة ، النفقات و قواعدها و هياكلها ، النفقات و تزايدها ، تأثير النفقات العامة ، الايرادات المحلية غير الضريبية و الايرادات المحلية الضريبية ، التنظيم الفني للضريبة ، الهيكل الضريبي و العبء الضريبي ، القروض و الاعانات ، اهداف الموازنة و مراحلها و القواعد التي تحكمها ، تطبيقات حول مشكلات الموازنة في الدول النامية و الموازنة العامة في الدول النامية ( دراسة تطبيقية ).
653 _aالمالية العامة
700 _aاللوزي، سليمان
_eمؤلف ثانوي
942 _cكتاب
999 _c43401
_d43401